| 000 | 00390nam a22001457a 4500 | ||
|---|---|---|---|
| 005 | 20250211112942.0 | ||
| 008 | 250211b |||||||| |||| 00| 0 eng d | ||
| 020 | _a9780852974568 | ||
| 050 |
_aHG3853 _b COY |
||
| 100 | _aCoyle, Brian | ||
| 245 | _aCorporate bonds and commercial paper | ||
| 260 |
_aLondon _bThe Chartered Institute of Bankers _cc2002 |
||
| 300 | _a160p | ||
| 942 |
_2lcc _cBK _n0 |
||
| 999 |
_c3803 _d3803 |
||